[Event "Bucharest op"]
[Site "Bucharest"]
[Date "2007.09.??"]
[Round "?"]
[White "Albescu, Nicolae"]
[Black "Moldovan, Corina"]
[Result "0-1"]
[WhiteElo "1846"]
[BlackElo "2226"]
[PlyCount "68"]
[EventDate "2007.09.??"]
[EventType "swiss"]
[EventRounds "9"]
[EventCountry "ROU"]
[SourceTitle "EXT 2010"]
[Source "ChessBase"]
[SourceDate "2010.11.25"]
[SourceVersion "1"]
[SourceVersionDate "2010.11.25"]
[SourceQuality "1"]

1. e4 c5 2. Nf3 Nc6 3. Bb5 g6 4. Bxc6 dxc6 5. 0-0 Bg7 6. Re1 e5 7. b4 cxb4 8. a3 bxa3 9. Bxa3 Ne7 10. Bb2 Bg4 11. h3 Bxf3 12. Qxf3 0-0 13. Qg3 Qc7 14. d4 Qb6 15. Ba3 Rfe8 16. dxe5 Nc8 17. Nd2 Bxe5 18. Qf3 Bxa1 19. Rxa1 Qd4 20. Nb3 Qxe4 21. Qc3 Qe5 22. Qb4 a5 23. Qxb7 Rb8 24. Qxc6 Rxb3 25. cxb3 Qxa1+ 26. Kh2 Qe5+ 27. g3 Na7 28. Qd7 Nb5 29. Bb2 Qe2 30. Kg2 Nd6 31. Bc3 Nf5 32. Kg1 Qe6 33. Qd2 Nxg3 34. fxg3 Qe3+ 0-1